The Probability Lifesaver: all the tools you need to understand chance (Record no. 1308589)

MARC details
000 -LEADER
fixed length control field 01766nam a2200229 4500
005 - DATE AND TIME OF LATEST TRANSACTION
control field 20250409121521.0
008 - FIXED-LENGTH DATA ELEMENTS--GENERAL INFORMATION
fixed length control field 250409b |||||||| |||| 00| 0 eng d
020 ## - INTERNATIONAL STANDARD BOOK NUMBER
International Standard Book Number 9780691149554
037 ## - SOURCE OF ACQUISITION
Terms of availability Textual
040 ## - CATALOGING SOURCE
Original cataloging agency RTL
Transcribing agency RTL
084 ## - COLON CLASSIFICATION NUMBER
Classification number B281 Q7
Assigning agency RTL
100 ## - MAIN ENTRY--PERSONAL NAME
Personal name Mille, Steven J.
9 (RLIN) 751995
245 ## - TITLE STATEMENT
Title The Probability Lifesaver: all the tools you need to understand chance
260 ## - PUBLICATION, DISTRIBUTION, ETC.
Place of publication, distribution, etc. Princeton
Name of publisher, distributor, etc. Princeton University Press
Date of publication, distribution, etc. 2017
300 ## - PHYSICAL DESCRIPTION
Extent xxiii, 727 p.
Other physical details Includes bibliography and index
490 ## - SERIES STATEMENT
Series statement Princeton lifesaver study guide
520 ## - SUMMARY, ETC.
Summary, etc. The essential lifesaver for students who want to master probabilityFor students learning probability, its numerous applications, techniques, and methods can seem intimidating and overwhelming. That's where The Probability Lifesaver steps in. Designed to serve as a complete stand-alone introduction to the subject or as a supplement for a course, this accessible and user-friendly study guide helps students comfortably navigate probability's terrain and achieve positive results.The Probability Lifesaver is based on a successful course that Steven Miller has taught at Brown University, Mount Holyoke College, and Williams College. With a relaxed and informal style, Miller presents the math with thorough reviews of prerequisite materials, worked-out problems of varying difficulty, and proofs. He explores a topic first to build intuition, and only after that does he dive into technical details. Coverage of topics is comprehensive, and materials are repeated for reinforcement―both in the guide and on the book's website.
650 ## - SUBJECT ADDED ENTRY--TOPICAL TERM
Topical term or geographic name entry element Probabilities
650 ## - SUBJECT ADDED ENTRY--TOPICAL TERM
Topical term or geographic name entry element Random variables
9 (RLIN) 733484
650 ## - SUBJECT ADDED ENTRY--TOPICAL TERM
Topical term or geographic name entry element Games of chance (Mathematics)
9 (RLIN) 751996
942 ## - ADDED ENTRY ELEMENTS (KOHA)
Source of classification or shelving scheme Colon Classification (CC)
Suppress in OPAC No
Koha item type Textbook
Classification part B281 Q7
Holdings
Withdrawn status Lost status Source of classification or shelving scheme Damaged status Not for loan Home library Current library Date acquired Total Checkouts Full call number Barcode Date last seen Price effective from Koha item type
    Colon Classification (CC)     Ratan Tata Library Ratan Tata Library 2025-04-09   B281 Q7 RT528391 2025-04-09 2025-04-09 Textbook
Copyright @ Delhi University Library System